| 000 | 00413cam a22001097a 4500 | ||
|---|---|---|---|
| 008 | 180718b1971 xxu||||| |||| 00| 0 eng d | ||
| 082 | _aO246x5453 K45 | ||
| 245 |
_aSterilisations in Kerala (1968-69) an appraisal _cby Bureau jof Economics & Statistics Kerala State |
||
| 260 |
_aTrivandrum _bBureau jof Economics & Statistics _c1971 |
||
| 300 | _a12p. | ||
| 700 | _aIndia. Bureau jof Economics & Statistics Kerala State | ||
| 999 |
_c494229 _d494229 |
||